|
|
|
|
| LEADER |
00000nam a2200000 a 4500 |
| 001 |
vtls008395977 |
| 003 |
SK-MaSNL |
| 005 |
20260425231341.0 |
| 008 |
251124s1932 ge ger |
| 015 |
|
|
|a SKSNBA19191938-003600
|
| 035 |
|
|
|a SK01SNKBIKKM20010088194
|
| 035 |
|
|
|a SKM000090657
|
| 040 |
|
|
|a SNK
|b slo
|c SNK
|e AACR2
|
| 041 |
1 |
|
|a ger
|
| 044 |
|
|
|a ge
|
| 080 |
|
|
|a 908
|2 1981
|
| 080 |
|
|
|a 323
|2 1981
|
| 100 |
1 |
|
|a Schewitz, Ilona
|4 aut
|9 446875
|
| 245 |
1 |
0 |
|a Preßburg und Umgebung
|b Lage, Wirtschaft und Deutschtum : Inaugural-Dissertation zur Erlangung der Doktorwürde einer hohen Philosophischen Fakultät der Eberhard-Karls Universität zu Tübingen
|c vorgelegt von Ilona Schewitz aus Breslau
|
| 260 |
|
|
|a [S.l.]
|b [s.n.]
|c [1932]
|e Saalfeld
|f Günthers Buchdruckerei
|
| 300 |
|
|
|a 107, [1] s.
|b [5] mp., [1] s.
|c 8°
|
| 500 |
|
|
|a Fot. Pozn. a lit. pod čiarou. Tab.
|
| 504 |
|
|
|a Zoznam miest. Zoznam lit.
|
| 505 |
0 |
|
|a Úvod
|
| 650 |
0 |
7 |
|a dizertácie
|2 SNK
|9 4040
|
| 651 |
|
7 |
|a Bratislavský kraj (Slovensko)
|2 SNKPH
|9 160207
|
| 655 |
|
7 |
|a knihy
|2 SNKPH
|9 307098
|
| 655 |
|
7 |
|a dizertačné doktorandské práce (PhD., Dr.)
|2 SNKPH
|9 398774
|
| 852 |
|
|
|a Slovenská národná knižnica v Martine
|b 10000
|h MS SC 3518
|
| 958 |
|
|
|a RK
|
| 958 |
|
|
|a TL
|
| 999 |
|
|
|c 701839
|d 703769
|
| 952 |
|
|
|a SNK
|b SNK
|y PREZ
|7 0
|p 17A0757119
|o snkSC 3518
|i snk2409/46
|0 0
|1 0
|4 0
|d 2018-09-26
|l 0
|r 2025-06-25 00:00:00
|w 2026-02-23
|